| Tag |
First Indicator |
Second Indicator |
Subfields |
| LEADER |
00000cam a2200000 a 4500 |
| 001 |
in00000028005 |
| 005 |
20151007054706.0 |
| 008 |
870810s1988 nyu 00011 eng |
| 010 |
|
|
|a 87019466
|
| 020 |
|
|
|a 0877959757 :
|c $18.95
|
| 035 |
|
|
|a (OCoLC)16525365
|
| 035 |
|
|
|9 AAB5956AM
|
| 040 |
|
|
|a DLC
|c DLC
|d TXA
|d UtOrBLW
|
| 049 |
|
|
|a TXAM
|c [A11521228]
|a TXAS [myst]
|
| 050 |
0 |
0 |
|a PS3562.E55
|b F7 1988
|
| 082 |
0 |
|
|a 813/.54
|2 19
|
| 100 |
1 |
|
|a Leonard, Elmore,
|d 1925-2013.
|
| 245 |
1 |
0 |
|a Freaky Deaky /
|c Elmore Leonard.
|
| 264 |
|
1 |
|a New York :
|b Arbor House,
|c [1988]
|
| 264 |
|
4 |
|c ©1988
|
| 300 |
|
|
|a 341 pages ;
|c 25 cm.
|
| 336 |
|
|
|a text
|b txt
|2 rdacontent
|
| 337 |
|
|
|a unmediated
|b n
|2 rdamedia
|
| 338 |
|
|
|a volume
|b nc
|2 rdacarrier
|
| 999 |
|
|
|a MARS
|
| 999 |
f |
f |
|s b6dd0e2a-6644-3c21-b0be-6017b3f348b6
|i ccb39a39-8c27-3951-ba2c-85813903313e
|t 0
|
| 952 |
f |
f |
|p ric
|a Texas A&M University
|b Rellis Campus
|c Joint Library Facility
|s JLF
|d Remote Storage
|t 0
|e PS3562.E55 F7 1988
|h Library of Congress classification
|i unmediated -- volume
|m A14811521228
|
| 998 |
f |
f |
|a PS3562.E55 F7 1988
|t 0
|l Remote Storage
|